00495nam a2200193 a 4500001001300000003000900013005001700022008004100039020000800080082001600088100001800104245001700122260004700139300000900186500003500195505003700230650001600267700001800283nice12345678IN_TiNIC20260116012805.0050524s1974 alia grp 000 0 urd  ac700a891.41bASL aAslam Imadi,  aNaya Jazeera aAligarhbMaktaba Jamia Milia Islamiac1974 a103p aincludes index and biblioraphy2 aGlossary, Bibliography and index aUrdu-Poetry1 aAslam Imadi,